<?xml version="1.0" encoding="UTF-8"?>
<record
    xmlns:xsi="http://www.w3.org/2001/XMLSchema-instance"
    xsi:schemaLocation="http://www.loc.gov/MARC21/slim http://www.loc.gov/standards/marcxml/schema/MARC21slim.xsd"
    xmlns="http://www.loc.gov/MARC21/slim">

  <leader>00502nam a2200181Ia 4500</leader>
  <controlfield tag="003">0STCL</controlfield>
  <controlfield tag="005">20241008153134.0</controlfield>
  <controlfield tag="008">150530s9999    xx            000 0 und d</controlfield>
  <datafield tag="040" ind1=" " ind2=" ">
    <subfield code="a">STCL</subfield>
    <subfield code="c">STCL</subfield>
  </datafield>
  <datafield tag="100" ind1=" " ind2=" ">
    <subfield code="a">Hari Sarma, A.D.</subfield>
  </datafield>
  <datafield tag="245" ind1=" " ind2=" ">
    <subfield code="a">&#xD2A;&#xD24;&#xD3F;&#xD28;&#xD4A;&#xD28;&#xD4D;&#xD28;&#xD3E;&#xD02;&#xD2A;&#xD40;&#xD2F;&#xD42;&#xD38;&#xD4D; &#xD2E;&#xD3E;&#xD7C;&#xD2A;&#xD4D;&#xD2A;&#xD3E;&#xD2A;&#xD4D;&#xD2A;&#xD3E;</subfield>
  </datafield>
  <datafield tag="246" ind1=" " ind2=" ">
    <subfield code="a">Pathinonnam Pieus Marpappa</subfield>
  </datafield>
  <datafield tag="260" ind1=" " ind2=" ">
    <subfield code="b">Viswanath; Ernamkulam</subfield>
    <subfield code="c">1937</subfield>
    <subfield code="a">Ernamkulam</subfield>
  </datafield>
  <datafield tag="300" ind1=" " ind2=" ">
    <subfield code="a">0</subfield>
  </datafield>
  <datafield tag="546" ind1=" " ind2=" ">
    <subfield code="a">Malayalam</subfield>
  </datafield>
  <datafield tag="942" ind1=" " ind2=" ">
    <subfield code="2">ddc</subfield>
    <subfield code="c">BK</subfield>
  </datafield>
  <datafield tag="999" ind1=" " ind2=" ">
    <subfield code="c">81517</subfield>
    <subfield code="d">81517</subfield>
  </datafield>
  <datafield tag="952" ind1=" " ind2=" ">
    <subfield code="0">0</subfield>
    <subfield code="1">0</subfield>
    <subfield code="2">ddc</subfield>
    <subfield code="4">0</subfield>
    <subfield code="7">0</subfield>
    <subfield code="a">STCAL</subfield>
    <subfield code="b">STCAL</subfield>
    <subfield code="c">GEN</subfield>
    <subfield code="d">2015-05-30</subfield>
    <subfield code="g">0.00</subfield>
    <subfield code="l">0</subfield>
    <subfield code="o">M920 HAR-P</subfield>
    <subfield code="p">77044</subfield>
    <subfield code="r">2015-05-30 00:00:00</subfield>
    <subfield code="w">2015-05-30</subfield>
    <subfield code="y">BK</subfield>
  </datafield>
</record>
